000 00610nam a2200229Ia 4500
005 20250508165251.0
008 008 250505s9999 xx 000 0 eng d
020 _a978-0-415-61972-1
037 _aTextBook
040 _aFEDL
_beng
_cFEDL
041 _aeng
_2eng
084 _a507.1, WEL/R
_qFEDL
100 _aWellington Jerry
245 0 _aScience learning, science teaching
250 _a3
260 _aLondon, UK
_bRoutledge
_c2012
300 _axii, 307p.
365 _aGBP
_b23.99
700 _a Ireson Gren
_9780344
942 _cTB
_h507.1, WEL/R
999 _c1394147
_d1394147